• 首页
  • 本馆介绍
  • 公告通知
  • 最新文献
  • 馆藏检索
  • 电子资源
  • 读者导购
  • 参考咨询
  • 我的图书馆
  • 登录
  • 详细信息显示
  • 放入我的书架
  • 预约/预借图书
  • 作者相关作品
  • 分类相关作品
  • 丛书相关作品
  • 出版社相关作品

书目信息

  • 表格格式
  • 工作单格式
  • 卡片格式
题名:
幼儿师范学校教科书
    
 
作者: ;人民教育出版社 编著
分册: 第三册   美术鉴赏
出版信息: 北京   人民教育出版社  2000
页数: 112页
开本: 26cm
丛书名:
单 册:
中图分类: J-43 , G613
科图分类:
主题词: 美术--幼儿师范学校--教材 , 美术--鉴赏--幼儿师范学校--教材 , 教育--各级
电子资源:
ISBN: 7-107-14095-7
000 00935nam0 2200265 450
001 1532290418
005 20150131085829.31
010    @a7-107-14095-7@dCNY12.60
100    @a20011016d2000 em y0chiy0110 ea
101 0  @achi
102    @aCN@b110000
105    @aa z 000yy
200 1  @a幼儿师范学校教科书@9you er shi fan xue xiao jiao ke shu@h第三册@i美术鉴赏@e试用本@f人民教育出版社美术室编著
210    @a北京@c人民教育出版社@d2000@h2001印
215    @a112页@c图@d26cm
300    @a国家教育部规划教材
330    @a本书内容包括:中西方美术发展对照,中国美术发展梗概,西方美术发展梗概,中西方美术作品对照简表,历史年代示意。
606 0  @a美术@x幼儿师范学校@j教材
606 0  @a美术@x鉴赏@x幼儿师范学校@j教材
606 0  @a教育@x各级
690    @aJ-43@v5
690    @aG613@v4
711 02 @a人民教育出版社@9ren min jiao yu chu ban she mei shu shi@b美术室@4编著
801  0 @aCN@bTSSF@c20150131
905    @aZUCC@dG613@eJY67:3
    
    幼儿师范学校教科书.第三册.美术鉴赏:试用本/人民教育出版社美术室编著.-北京:人民教育出版社,2000(2001印)
    112页:图;26cm
    国家教育部规划教材
    
    ISBN 7-107-14095-7:CNY12.60
    本书内容包括:中西方美术发展对照,中国美术发展梗概,西方美术发展梗概,中西方美术作品对照简表,历史年代示意。
●
相关链接 在E读中查询图书 在五车中查询图书 在当当中查询图书 在豆瓣中查询图书


正题名:幼儿师范学校教科书     索取号:G613/JY67:3         预约/预借

序号 登录号 条形码 馆藏地/架位号 状态 备注
1 7844923   278449234   学院路分馆/ [索取号:G613/JY67:3] 在馆    
2 7845776   278457769   学院路分馆/ [索取号:G613/JY67:3] 在馆    
唐山师范学院图书馆 欢迎您!
大连网信软件有限公司© 版权所有